000 00800nam a2200253Ia 4500
003 OSt
005 20220923211252.0
006 a|||||r|||| 00| 0
007 ta
008 Pun
020 _a9788178835662 (hbk)
_c70
024 _a278,345
037 _b667, 03/06/2013, H.K. Prakashan
_cTextual
040 _aARTS
_cARTS
_bPun
041 _2Pun
_aPun
082 _aO153,2N241,HN, P9
100 _aਸਿੰਘ, ਸਾਧੂ
245 0 _aਹਾਏ ਨੀ ਧੀਏ ਸੋਰਨੀਏ
260 _aਲੁਧਿਆਣਾ
_b ਚੇਤਨਾ ਪ੍ਰਕਾFਨ
_c2009
300 _a56ਪੰ
_ccm.
650 _aਪੰਜਾਬੀ ਸਾਹਿਤ
942 _hO153,2N241,HN, P9
_cTEXL
_2CC
999 _c297993
_d297993